000 00827nas a2200265 4500
001 BR2012002786
003 BR-BrBNA
005 20231205120427.0
007 ta
008 230509b bl.|||p| |||| 00| 00por d
040 _aBR-BrBNA
_bpor
_cBiblioteca Nacional de Agricultura
041 _a(Pt)
072 _aF62
100 1 _aLeonhardt, C.
100 1 _aCalil, A.C.
100 1 _aFior, C.S.
245 1 _aGerminação de sementes de Myrcia glabra (O. Berg)D.Legrand e Myrcia palustris DC. Myrtaceae armazenadas em câmara fria
650 _aGERMINAÇÃO
650 _aSEMENTE
650 _aMYRTACEAE
650 _aDICOTILEDÔNEA
773 0 _tIheringia. Série Botânica (Brazil)
_xISSN 0073-4705
_g(Jun 2010), v. 65(1) p. 25-33
_wBR2012002786
909 _a202311
_bLúcia
_c55
_dLúcia Elande
942 _2AGRIS
_n0
_cANA
999 _c218443
_d218443